000 00598nam a2200241Ia 4500
008 180803s9999 xx 000 0 und d
020 _a0590478389
050 _bA314 1990
100 _aAker, Suzanne
245 0 _aWhat comes in 2's, 3's & 4's? /
245 0 _cby Suzanne Aker ; illustrated by Bernie Karlin.
260 _aNew York, New York :
260 _bScholastic,
260 _c1990
300 _aunpaged :
300 _bcolored ;
300 _c20cm.
500 _a470
650 _aCounting.
650 _aNumber concept.
700 _aKarlin, Bernie.
700 _aTitle.
999 _c358263
_d358263